Human ecology : a theoretical essay

Αποθηκεύτηκε σε:
Λεπτομέρειες βιβλιογραφικής εγγραφής
Κύριος συγγραφέας: Hawley, Amos Henry
Μορφή: Βιβλίο
Γλώσσα:English
Δημοσίευση: Chicago : University of Chicago Press, c1986
Θέματα:
Ετικέτες: Προσθήκη ετικέτας
Δεν υπάρχουν, Καταχωρήστε ετικέτα πρώτοι!

MARC

LEADER 00000nam a2200000 i 4500
001 1/75785
008 990324s1986 eng d
020 |a 0-226-31984-9 
035 |l 10049428 
040 |a GR-MY-UA  |b gre  |e aacr 
041 0 |a eng 
082 0 |a 304.2 
100 1 |a Hawley, Amos Henry. 
245 1 0 |a Human ecology :  |b a theoretical essay /  |c Amos H. Hawley 
260 |a Chicago :   |b University of Chicago Press,   |c c1986 
300 |a 168 p. 
504 |a Includes bibliographical references and index 
650 0 0 |a Human ecology. 
852 |a INST  |b LESVOS  |e 19990324  |h 304.2 HAW  |p 005100016752  |q 005100016752  |t BK  |y 0 
901 |a BIBL-1999-1 
909 |a Λ  |b 062011 
922 |a 1ΕΛΗ  |b 199812  |c ΚΠΣ/ΤΓ  |d LEADER 
950 |a 118-1998-10-19